| 000 | 00727cam a2200253 a 4500 | ||
|---|---|---|---|
| 001 | 30384 | ||
| 003 | BD-RjUL | ||
| 005 | 20211209051545.0 | ||
| 008 | 140409s1982 cau b 001 0 eng | ||
| 020 | _a0818504722 : | ||
| 035 | _a(BD-RjUL)30469 | ||
| 040 |
_aDLC _cDLC _dBD-RjUL _beng |
||
| 041 | _aeng | ||
| 082 | 0 | 0 |
_a158.3 _219 _bGRO 1982 |
| 245 | 0 | 0 |
_aGroup techniques / _cGerald Corey ... [et al.]. |
| 260 |
_aMonterey, Calif. : _bBrooks/Cole Pub. Co., _cc1982. |
||
| 300 |
_axvii, 179 p. : _c24 cm. |
||
| 504 | _aBibliography: p. 171-176 & Includes index. | ||
| 650 | 0 |
_aGroup relations training. _992349 |
|
| 700 | 1 |
_aCorey, Gerald. _992350 |
|
| 942 |
_2ddc _cBK |
||
| 999 |
_c30384 _d30384 |
||